000 00518nam a2200181Ia 4500
003 GCL
008 140319s9999 xx 000 0 ara d
040 _aGCL /
_cGCL
082 0 4 _a811.09
_bع ل
100 1 _aعصمت الحبروك
245 1 0 _aلا معذرة /
_cعصمت الحبروك
260 _aالقاهرة :
_bدار الكتاب المصرى ،
_c1985
300 _a96 ص ؛
_c18 سم
490 _a
650 0 4 _aالشعر العربى
650 0 4 _aدواوين وقصائد
942 _2ddc
_cBK
999 _c54086
_d54086